MDQL
is popping MORE tags! Check the
thread
!
Quizzes
Events
Quiz Creation
Community
Videos
Private Events
Remove Ads
Sign In
Join for FREE
Feedback
Dark Mode
Quiz Categories
Sports
Geography
Music
Movies
Television
Just For Fun
Miscellaneous
History
Literature
Language
Science
Gaming
Entertainment
Religion
Holiday
For Kids
Quiz Lab
Recent
Popular Today
Quiz Kudos Today
Editor Picks
Curator Picks
Quizzes by...
Day
Popularity
Type
Ratings
Length
Year
Community
Subscriptions
Recent Discussions
Orange Saloon
Badges
Playlists
Quests
Create
Leaderboards
Showdown
Live 5
Trivia Bingo
Activity
Puzzle Library
Sporcle Events
Private Events
Virtual Trivia
Globe League
Become a Host
Pub Owners
SporcleCon
Opinionation
Our Games
Videos
Blog
Mobile Apps
Partnerships
Remove Ads and Go Orange
Feedback
Sports
Athletes
MLB
NBA
NHL
NFL
Soccer
Sports Teams
WWE
NCAA
Football
Premier League
Basketball
Baseball
Hockey
Golf
Tennis
Cricket
Rugby
Auto Racing
Olympics
World Cup
Sports
Athletes
MLB
NBA
NHL
NFL
Soccer
Sports Teams
WWE
NCAA
Football
Premier League
Basketball
Baseball
Hockey
Golf
Tennis
Cricket
Rugby
Auto Racing
Olympics
World Cup
Random Quiz
Search Sporcle
×
Quiz Lab
Quiz Lab
Sports
Board Games
Type in answers that appear in a list
Type in answers that appear in a list
Classic
Best Score? Go Orange.
Ball Games Stats
Can you name the sports or activities with 'ball' in their names?
By
eastjesusnowhere
3m
9 Questions
126 Plays
126 Plays
126 Plays
Comments
Comments
Give Quiz Kudos
Give Quiz Kudos
-
- Ratings
hide this ad
Forced Order
Answers have to be entered in order
Answers have to be entered in order
Replay
Link that replays current quiz
Next Quiz
Link to next quiz in quiz playlist
You Got
0%
They Got
Avg Score
69%
Avg Friend Score
Upgrade to see
Score Distribution
Jump to the score distribution portion of the page
Score
0/9
Timer
03:00
0
Plays Today
Description
Sport
% Correct
A team sport in which two teams of five players try to score points by throwing or 'shooting' a ball through the top of a hoop while following a set of rules.
Basketball
96%
Any of several similar team sports, of similar origins which involve, to varying degrees, kicking a ball with the foot in an attempt to score a goal.
Football
87.3%
An Olympic team sport in which two teams of six players are separated by a net. Each team tries to score points by grounding a ball on the other team's court under organized rules.
Volleyball
82.5%
A bat-
and-
ball sport played between two teams of nine players each. The goal is to score runs by hitting a thrown ball with a bat and touching a series of four bases.
Baseball
81%
Game in which players try to hit other players with balls and avoid being hit. A well-
known form of team sport with modified rules that is often played in physical education class.
Dodgeball
65.1%
A team game commonly played in the United States and other countries. It is a direct descendant of baseball although some key differences are that the balls used are larger.
Softball
64.3%
The game is typically played on a softball diamond with an inflated rubber ball. As in baseball/
softball, the game uses 3 bases and a 'home plate.' Mainly a playground game.
Kickball
53.2%
A type of arcade game, usually coin-
operated, where a player attempts to score points by manipulating one or more metal balls on a playfield inside a glass-
covered case.
Pinball
51.6%
A team sport played in the Olympics in which two teams of seven players each (six outfield players and a goalkeeper) pass a ball to throw it into the goal of the other team.
Handball
44.4%
Quiz Playlist
Details
Report
Send in Message
Add To Playlist
Classic:
Type in answers that appear in a list
Forced Order:
Answers have to be entered in order
Last Updated: Feb 16, 2017
Quiz Scoreboard
CHALLENGE
Sign Up to Join the Scoreboard
Show All
Scores
Hide
Comments
May contain spoilers
Recently Published
Holiday 10x10 Sorting Gallery
by lukepisani3
Holiday
15m
Two Season TV Shows II
by 123Four
Television
10m
Image Sorting: Flags VI
by Barbecue
Geography
2m
More to Explore
Quiz From the Vault
Featured Blog Post
14 Easter Pick-up Lines to Find Eggs With
hide this ad
You Might Also Like...
Tags
Board Games Quiz
Activity
ball
description
Today's Top Quizzes in Sports
Browse Sports
hide this ad
Today's Top Quizzes in Board Games
Browse Board Games
Top Contributed Quizzes in Sports
1
Les meilleurs buteurs des matchs entre le PSG et l’OM
2
Les entraîneurs de l'OM et du PSG au 21e siècle
3
2022 World Cup Stars
4
Les joueurs passés par le PSG et l'OM
5
Players with Multiple 50 Home Run Seasons
6
FIFA Club World Cup Champions
7
Top 10 NHL Goal Scorers of All Time
8
Les joueurs passés par le LOSC et le RC Lens
9
Criteria MLB: Left Handed Sluggers
10
2023 MLB Unique Player Accomplishments
Explore More
Trending Topics
Marvel
Disney
Anime
NBA
Kpop
Harry Potter
Crossword
WWE
Pokémon
The Office
Country
Soccer
Song
NFL
Puzzle
hide this ad
More By:
eastjesusnowhere
Quiz
Plays
Rating
Category
Featured
Created
A-Z of Toy Story
5,071
3.83
Movies
Dec 21, 2009
Nintendo's Best- Selling Games
1,902
3.00
Gaming
Mar 5, 2010
Top 10 Most Dangerous Animals
1,900
2.18
Miscellaneous
Feb 2, 2010
A-Z of Lord of the Rings
1,333
2.80
Movies
Dec 25, 2009
The Mighty Boosh Character Catchphrases
1,254
2.40
Television
Jan 29, 2010
Go to Creator's Profile
Score Distribution
Quiz Creator Spotlight
eastjesusnowhere
Follow
Send a Message
Quizzes Created
-
Created Quiz Play Count
-
More By This Creator
Popular Quizzes Today
1
Find the US States - No Outlines Minefield
2
Colored Red Africa Blitz
3
Find the 'City' Movie
4
The Countries of the World
5
5x2 Blitz: Bands
6
Find the US States
7
Find the Countries of Europe - No Outlines Minefield
8
US States
More Sports Quizzes
Champions League Goalscorers: Inter Milan
Quiz Lab
Trending Quizzes
Colored Red Europe Blitz I
Colored Red Europe Blitz II
Colored Red Africa Blitz II
Colored Red Europe Blitz III
Colored Red Africa Blitz III
Recently Updated
Odd Team Out - Big 4 Players
pecheneg
Quick Pick: 20 Twenties
pecheneg
March Madness Men's Triple Doubles
pecheneg
How Do You Spell That?
pecheneg
Godzilla Movies
pecheneg
Grab Bag: 4-10 Letters
pecheneg
2024 March Madness Bracket
pecheneg
Famous TV Couples
Peacemaker
Champions League XIs: Real Madrid
pecheneg
Largest US Cities 1790-2010
pecheneg
Trending Topics
NBA
Kpop
Anime
Marvel
Crossword
Disney
Harry Potter
Pokémon
Puzzle
NFL
Soccer
The Office
WWE
Country
Song
Your Account Isn't Verified!
In order to create a playlist on Sporcle, you need to verify the email address you used during registration. Go to your
Sporcle Settings
to finish the process.
Report this User
Report this user for behavior that violates our
Community Guidelines
.
Details:
Send Report
Go to the Sporcle.com Mobile Site →
Comments